=LDR 00000nam 2200000 4500 =001 INLIS000000000030928 =005 20130612133032 =008 ***********************************ind** =035 ##$$0010-061300000030928 =041 ##$$a ind =082 ##$$a 028.5 =090 ##$$a 028.5, Ami j =100 ##$$a Amijaya, Arleen =245 ##$$a Jane dan hujan, oleh Arleen Amijaya ; Ilustrator, Sherly Gunawan ; editor, Iwan laha =260 ##$$a 2008 $b Jakarta =300 ##$$a 23 hlm, ilus, 61 cm =650 ##$$a Bacaan Anak-anak =850 ##$$a NBPNMAT